<?xml version="1.0" encoding="UTF-8"?>
<record
    xmlns:xsi="http://www.w3.org/2001/XMLSchema-instance"
    xsi:schemaLocation="http://www.loc.gov/MARC21/slim http://www.loc.gov/standards/marcxml/schema/MARC21slim.xsd"
    xmlns="http://www.loc.gov/MARC21/slim">

  <leader>00478nam a2200169   4500</leader>
  <controlfield tag="003">SEACOMEC</controlfield>
  <controlfield tag="005">20240412140617.0</controlfield>
  <controlfield tag="008">231006b        |||||||| |||| 00| 0 eng d</controlfield>
  <datafield tag="020" ind1=" " ind2=" ">
    <subfield code="c">Rs. 210.00</subfield>
  </datafield>
  <datafield tag="040" ind1=" " ind2=" ">
    <subfield code="a">SEACOMEC</subfield>
  </datafield>
  <datafield tag="082" ind1=" " ind2=" ">
    <subfield code="a">004.25</subfield>
    <subfield code="b">J24</subfield>
  </datafield>
  <datafield tag="100" ind1="1" ind2=" ">
    <subfield code="a">Jagadeesh, T.R.</subfield>
  </datafield>
  <datafield tag="245" ind1="1" ind2="2">
    <subfield code="a">A Computer laboratory referral for diploma and engineering students</subfield>
    <subfield code="c">T.R. Jagadeesh...(et al.)</subfield>
  </datafield>
  <datafield tag="260" ind1=" " ind2=" ">
    <subfield code="a">Hyderabad </subfield>
    <subfield code="b">Universities</subfield>
    <subfield code="c">2000</subfield>
  </datafield>
  <datafield tag="650" ind1=" " ind2=" ">
    <subfield code="a">Computer science</subfield>
  </datafield>
  <datafield tag="942" ind1=" " ind2=" ">
    <subfield code="c">BOOK</subfield>
  </datafield>
  <datafield tag="952" ind1=" " ind2=" ">
    <subfield code="0">0</subfield>
    <subfield code="1">0</subfield>
    <subfield code="2">ddc</subfield>
    <subfield code="4">0</subfield>
    <subfield code="7">0</subfield>
    <subfield code="a">SEACOMEC</subfield>
    <subfield code="b">SEACOMEC</subfield>
    <subfield code="d">2024-04-12</subfield>
    <subfield code="l">0</subfield>
    <subfield code="o">004.25 J24</subfield>
    <subfield code="p">5045</subfield>
    <subfield code="r">2024-04-12 14:06:59</subfield>
    <subfield code="w">2024-04-12</subfield>
    <subfield code="y">BOOK</subfield>
  </datafield>
  <datafield tag="952" ind1=" " ind2=" ">
    <subfield code="0">0</subfield>
    <subfield code="1">0</subfield>
    <subfield code="2">ddc</subfield>
    <subfield code="4">0</subfield>
    <subfield code="7">0</subfield>
    <subfield code="a">SEACOMEC</subfield>
    <subfield code="b">SEACOMEC</subfield>
    <subfield code="d">2024-04-12</subfield>
    <subfield code="l">0</subfield>
    <subfield code="o">004.25 J24</subfield>
    <subfield code="p">5046</subfield>
    <subfield code="r">2024-04-12 14:07:39</subfield>
    <subfield code="t">1</subfield>
    <subfield code="w">2024-04-12</subfield>
    <subfield code="y">BOOK</subfield>
  </datafield>
  <datafield tag="952" ind1=" " ind2=" ">
    <subfield code="0">0</subfield>
    <subfield code="1">0</subfield>
    <subfield code="2">ddc</subfield>
    <subfield code="4">0</subfield>
    <subfield code="7">0</subfield>
    <subfield code="a">SEACOMEC</subfield>
    <subfield code="b">SEACOMEC</subfield>
    <subfield code="d">2024-04-12</subfield>
    <subfield code="l">0</subfield>
    <subfield code="o">004.25 J24</subfield>
    <subfield code="p">5047</subfield>
    <subfield code="r">2024-04-12 14:07:39</subfield>
    <subfield code="t">2</subfield>
    <subfield code="w">2024-04-12</subfield>
    <subfield code="y">BOOK</subfield>
  </datafield>
  <datafield tag="952" ind1=" " ind2=" ">
    <subfield code="0">0</subfield>
    <subfield code="1">0</subfield>
    <subfield code="2">ddc</subfield>
    <subfield code="4">0</subfield>
    <subfield code="7">0</subfield>
    <subfield code="a">SEACOMEC</subfield>
    <subfield code="b">SEACOMEC</subfield>
    <subfield code="d">2024-04-12</subfield>
    <subfield code="l">0</subfield>
    <subfield code="o">004.25 J24</subfield>
    <subfield code="p">5048</subfield>
    <subfield code="r">2024-04-12 14:07:39</subfield>
    <subfield code="t">3</subfield>
    <subfield code="w">2024-04-12</subfield>
    <subfield code="y">BOOK</subfield>
  </datafield>
  <datafield tag="952" ind1=" " ind2=" ">
    <subfield code="0">0</subfield>
    <subfield code="1">0</subfield>
    <subfield code="2">ddc</subfield>
    <subfield code="4">0</subfield>
    <subfield code="7">0</subfield>
    <subfield code="a">SEACOMEC</subfield>
    <subfield code="b">SEACOMEC</subfield>
    <subfield code="d">2024-04-12</subfield>
    <subfield code="l">0</subfield>
    <subfield code="o">004.25 J24</subfield>
    <subfield code="p">5049</subfield>
    <subfield code="r">2024-04-12 14:07:39</subfield>
    <subfield code="t">4</subfield>
    <subfield code="w">2024-04-12</subfield>
    <subfield code="y">BOOK</subfield>
  </datafield>
  <datafield tag="952" ind1=" " ind2=" ">
    <subfield code="0">0</subfield>
    <subfield code="1">0</subfield>
    <subfield code="2">ddc</subfield>
    <subfield code="4">0</subfield>
    <subfield code="7">0</subfield>
    <subfield code="a">SEACOMEC</subfield>
    <subfield code="b">SEACOMEC</subfield>
    <subfield code="d">2024-04-12</subfield>
    <subfield code="l">0</subfield>
    <subfield code="o">004.25 J24</subfield>
    <subfield code="p">5050</subfield>
    <subfield code="r">2024-04-12 14:07:39</subfield>
    <subfield code="t">5</subfield>
    <subfield code="w">2024-04-12</subfield>
    <subfield code="y">BOOK</subfield>
  </datafield>
  <datafield tag="952" ind1=" " ind2=" ">
    <subfield code="0">0</subfield>
    <subfield code="1">0</subfield>
    <subfield code="2">ddc</subfield>
    <subfield code="4">0</subfield>
    <subfield code="7">0</subfield>
    <subfield code="a">SEACOMEC</subfield>
    <subfield code="b">SEACOMEC</subfield>
    <subfield code="d">2024-04-12</subfield>
    <subfield code="l">0</subfield>
    <subfield code="o">004.25 J24</subfield>
    <subfield code="p">5051</subfield>
    <subfield code="r">2024-04-12 14:07:39</subfield>
    <subfield code="t">6</subfield>
    <subfield code="w">2024-04-12</subfield>
    <subfield code="y">BOOK</subfield>
  </datafield>
  <datafield tag="952" ind1=" " ind2=" ">
    <subfield code="0">0</subfield>
    <subfield code="1">0</subfield>
    <subfield code="2">ddc</subfield>
    <subfield code="4">0</subfield>
    <subfield code="7">0</subfield>
    <subfield code="a">SEACOMEC</subfield>
    <subfield code="b">SEACOMEC</subfield>
    <subfield code="d">2024-04-12</subfield>
    <subfield code="l">0</subfield>
    <subfield code="o">004.25 J24</subfield>
    <subfield code="p">5052</subfield>
    <subfield code="r">2024-04-12 14:07:39</subfield>
    <subfield code="t">7</subfield>
    <subfield code="w">2024-04-12</subfield>
    <subfield code="y">BOOK</subfield>
  </datafield>
  <datafield tag="999" ind1=" " ind2=" ">
    <subfield code="c">131</subfield>
    <subfield code="d">131</subfield>
  </datafield>
</record>
